000 01016naa a22002777a 4500
001 BR8903768
003 BR-BrBNA
005 20240918180513.0
007 ta
008 230509b bl.||||| |||| 00| 0 por d
040 _aBR-BrBNA
_bpor
_cBiblioteca Nacional de Agricultura
041 _a(Pt)
072 _aL10
_b5213
090 _aL10 BR8903768
100 1 _aSantiago, E.D.
111 1 _a2. Simposio Nacional de Reproducao Animal
_cBelo Horizonte, MG (Brazil)
_d12-18 Sep 1976
245 1 _aInseminacao artificial e fertilidade em Bos indicus
260 3 _aBelo Horizonte, MG (Brasil):
_c1976.
500 _aAnais do 2. Simposio Nacional de Reproducao Animal Belo Horizonte, MG (Brasil): 1976. p. 254-258 (BR8903768-AM)L10
650 _aGADO DE CORTE
650 _aINSEMINACAO ARTIFICIAL
650 _aMANEJO
773 0 _tAnais do 2. Simposio Nacional de Reproducao Animal
_wL10 BR8903768
_gBelo Horizonte, MG (Brasil), 1976. p. 254-258
909 _a202404
_bLucia
_c55
_dLucia Elande
942 _cAM
_2AGRIS
999 _c320731
_d320731